000 00658nam a2200241Ia 4500
003 OSt
005 20220918221520.0
006 a|||||r|||| 00| 0
007 ta
008 220917b |||||||| |||| 00| 0 eng d
024 _a194,068
037 _cTextual
040 _aARTS
_cARTS
_beng
041 _2eng
_aeng
082 _aP6, N8
100 _aMazrui Ali Al'Amin
_9140655
245 0 _aPower of Babel
_b language and governance in the African experience
260 _aOxford
_bJames Currey
_c1998
300 _axii;228p.
_ccm.
650 _aLINGUISTICS
942 _hP6, N8
_cTEXL
_2CC
999 _c272757
_d272757